Commercialization of Technology and Issues in the Competitiveness of Selected U.S. Industries : Semiconductors, Biotechnology, and Superconductors.

Examines issues relating to the commercialization of technology and the competitiveness of the U.S. semiconductor, biotechnology, and superconductor industries. Covers research and development policies and funding, patents and other regulation, technology transfer, the Federal Government's role...

Full description

Bibliographic Details
Corporate Authors: Library of Congress. Congressional Research Service, ProQuest (Firm)
Format: eBook
Language:English
Published: [Place of publication not identified] : [publisher not identified], 1988.
Series:U.S. Congressional Research.
Subjects:
Online Access:Connect to the full text of this electronic book

MARC

Tag First Indicator Second Indicator Subfields
LEADER 00000cam a22000001a 4500
001 in00003378421
006 m d f
007 cr bn mmmapmmp
008 100621s1988 dcu o f000 0 eng d
005 20260501144053.2
035 |a cis2007882813 
040 |a ProQuest  |c ProQuest  |d UtOrBLW 
043 |a n-us--- 
099 |a CRS-1988-SPR-0034 
110 2 |a Library of Congress.  |b Congressional Research Service. 
245 1 0 |a Commercialization of Technology and Issues in the Competitiveness of Selected U.S. Industries :  |b Semiconductors, Biotechnology, and Superconductors. 
264 1 |a [Place of publication not identified] :  |b [publisher not identified],  |c 1988. 
300 |a 1 online resource. 
336 |a text  |b txt  |2 rdacontent 
337 |a computer  |b c  |2 rdamedia 
338 |a online resource  |b cr  |2 rdacarrier 
500 |a Record is based on bibliographic data in ProQuest U.S. Congressional Research Digital Collection (last viewed June 2010). Reuse except for individual research requires license from ProQuest, LLC. 
500 |a CRS Report. 
520 |a Examines issues relating to the commercialization of technology and the competitiveness of the U.S. semiconductor, biotechnology, and superconductor industries. Covers research and development policies and funding, patents and other regulation, technology transfer, the Federal Government's role, and Japan's dominance in the world market. 
500 |a Electronic resource. 
650 0 |a Competition. 
650 0 |a Business. 
651 0 |a Japan. 
655 7 |a Electronic books.  |2 local 
710 2 |a ProQuest (Firm) 
776 0 8 |i Microfiche version:   |a Library of Congress. Congressional Research Service.  |t Commercialization of Technology and Issues in the Competitiveness of Selected U.S. Industries: Semiconductors, Biotechnology, and Superconductors 
830 0 |a U.S. Congressional Research. 
856 4 0 |u http://proxy.library.tamu.edu/login?url=https://congressional.proquest.com/congcomp/getdoc?CRDC-ID=CRS-1988-SPR-0034  |z Connect to the full text of this electronic book  |t 0 
999 |a MARS 
999 f f |s f4679067-92f7-3fa6-84de-fe6c31118cf8  |i f393be71-2195-3416-8a1d-ba0171cf8e67  |t 0 
952 f f |a Texas A&M University  |b College Station  |c Electronic Resources  |s www_evans  |d Available Online  |t 0  |e CRS-1988-SPR-0034  |h Other scheme 
998 f f |a CRS-1988-SPR-0034  |t 0  |l Available Online